[Event "MCR mladeze v rapidu 2019"]
[Site "Trest"]
[Date "2019.09.07"]
[Round "4"]
[White "Juhanak, Daniel"]
[Black "Stary, Vojtech"]
[Result "1/2-1/2"]
[BlackElo "1460"]
[WhiteElo "1635"]
[LiveChessVersion "1.4.8"]

1. d4 {[%clk 0:20:07]} Nf6 {[%clk 0:20:08]} 2. Nf3 {[%clk 0:20:07]} g6
{[%clk 0:20:11]} 3. g3 {[%clk 0:20:08]} Bg7 {[%clk 0:20:11]} 4. Bg2
{[%clk 0:20:07]} O-O {[%clk 0:20:02]} 5. O-O {[%clk 0:20:03]} d5 {[%clk 0:19:48]}
6. c4 {[%clk 0:20:03]} dxc4 {[%clk 0:19:40]} 7. Na3 {[%clk 0:19:10]} Be6
{[%clk 0:18:13]} 8. Ng5 {[%clk 0:17:54]} Bd7 {[%clk 0:13:48]} 9. Bxb7
{[%clk 0:14:21]} Bc6 {[%clk 0:13:29]} 10. Bxa8 {[%clk 0:12:55]} Bxa8
{[%clk 0:13:31]} 11. Nf3 {[%clk 0:12:59]} Qd5 {[%clk 0:09:44]} 12. Qc2
{[%clk 0:11:44]} Nbd7 {[%clk 0:08:12]} 13. Qxc4 {[%clk 0:11:07]} Qb7
{[%clk 0:07:54]} 14. Nb5 {[%clk 0:07:55]} Rc8 {[%clk 0:05:52]} 15. Nc3
{[%clk 0:07:12]} e5 {[%clk 0:05:37]} 16. Qb3 {[%clk 0:06:30]} Qc6
{[%clk 0:04:41]} 17. Qb5 {[%clk 0:03:53]} exd4 {[%clk 0:02:13]} 18. Qxc6
{[%clk 0:03:07]} Bxc6 {[%clk 0:02:16]} 19. Nxd4 {[%clk 0:03:08]} Bb7
{[%clk 0:01:43]} 20. Rd1 {[%clk 0:02:10]} a6 {[%clk 0:01:35]} 21. Nf3
{[%clk 0:01:40]} Nb6 {[%clk 0:00:42]} 22. Bf4 {[%clk 0:00:31]} Nh5
{[%clk 0:00:24]} 23. Be5 {[%clk 0:00:23]} Bxe5 {[%clk 0:00:23]} 24. Nxe5
{[%clk 0:00:27]} Nf6 {[%clk 0:00:21]} 25. Rac1 {[%clk 0:00:15]} Re8
{[%clk 0:00:23]} 26. f4 {[%clk 0:00:08]} Kg7 {[%clk 0:00:17]} 27. b3
{[%clk 0:00:10]} Kg8 {[%clk 0:00:17]} 28. a4 {[%clk 0:00:14]} Kg7
{[%clk 0:00:19]} 29. e3 {[%clk 0:00:14]} Ne4 {[%clk 0:00:16]} 30. Nxe4
{[%clk 0:00:16]} Bxe4 {[%clk 0:00:18]} 31. Rxc7 {[%clk 0:00:18]} Nd5
{[%clk 0:00:15]} 32. Rxf7+ {[%clk 0:00:15]} Kg8 {[%clk 0:00:18]} 33. Rd7
{[%clk 0:00:16]} Nc3 {[%clk 0:00:20]} 34. Re1 {[%clk 0:00:15]} Bc2
{[%clk 0:00:20]} 35. Rb7 {[%clk 0:00:11]} Nd5 {[%clk 0:00:17]} 36. b4
{[%clk 0:00:09]} Bxa4 {[%clk 0:00:18]} 37. Ra1 {[%clk 0:00:08]} Bb5
{[%clk 0:00:21]} 38. Kf2 {[%clk 0:00:12]} Rc8 {[%clk 0:00:22]} 39. Kf3
{[%clk 0:00:07]} Rc3 {[%clk 0:00:24]} 40. Re1 {[%clk 0:00:11]} Rb3
{[%clk 0:00:25]} 41. Rb8+ {[%clk 0:00:08]} Kg7 {[%clk 0:00:29]} 42. Rb7+
{[%clk 0:00:12]} Kg8 {[%clk 0:00:32]} 43. Rb8+ {[%clk 0:00:15]} Kg7
{[%clk 0:00:36]} 44. Rb7+ {[%clk 0:00:09]} Kg8 {[%clk 0:00:40]} 1/2-1/2

[Event "MCR mladeze v rapidu 2019"]
[Site "Trest"]
[Date "2019.09.07"]
[Round "4"]
[White "Setina, Vaclav"]
[Black "Roubal, Matyas"]
[Result "0-1"]
[BlackElo "1561"]
[WhiteElo "1581"]
[LiveChessVersion "1.4.8"]

1. e4 e5 2. Nf3 Nc6 3. d4 exd4 4. Nxd4 Bc5 5. Nb3 Bb6 6. Nc3 Nf6 7. Bd3 d6 8. Qe2
O-O 9. Be3 Bxe3 10. Qxe3 Re8 11. O-O-O Be6 12. f3 Bxb3 13. axb3 Qe7 14. g4 Rad8
15. Bc4 a6 16. h4 b5 17. Bd5 Ne5 18. h5 c6 19. g5 cxd5 20. gxf6 Qxf6 21. Nxd5
Qxf3 22. Qxf3 Nxf3 23. h6 Rxe4 24. hxg7 Kxg7 25. Nc7 Rd4 26. Nxa6 Ra8 27. Rxd4
Nxd4 28. Rd1 Nxb3+ 29. cxb3 Rxa6 30. Rd5 Rb6 31. Kd2 f6 32. b4 Kf7 33. Kd3 Ke6
34. Ke4 Rb7 35. Rh5 h6 36. Rxh6 Rc7 37. Kd3 Rc4 38. Rh5 Rxb4 39. Kc3 Rc4+ 40. Kd3
Rc5 41. Rh8 Ke5 42. Re8+ Kf4 43. Kd4 Rc4+ 44. Kd3 d5 0-1

[Event "MCR mladeze v rapidu 2019"]
[Site "Trest"]
[Date "2019.09.07"]
[Round "4"]
[White "Delgerdalai, Bayarjavkhlan"]
[Black "Vana, Jan"]
[Result "1-0"]
[BlackElo "1620"]
[WhiteElo "1491"]
[LiveChessVersion "1.4.8"]

1. e4 d5 2. exd5 Qxd5 3. Nc3 Qa5 4. d4 c6 5. Nf3 Bg4 6. Be2 Nf6 7. O-O Nbd7 8. h3
Bf5 9. Be3 e6 10. a3 Bd6 11. Qd2 O-O 12. Rac1 Qc7 13. Rfd1 Nb6 14. Bd3 Bxd3 15.
Qxd3 h6 16. Re1 Nbd5 17. Nxd5 Nxd5 18. Bd2 Nf4 19. Bxf4 Bxf4 20. Rcd1 Rfd8 21.
Qe4 Bd6 22. Ne5 Bxe5 23. Qxe5 Qxe5 24. dxe5 Rd5 25. c4 Rdd8 26. f4 Kf8 27. Kf2
Ke7 28. Kf3 Rxd1 29. Rxd1 Rd8 30. Rxd8 Kxd8 31. Ke4 Ke7 32. g4 f6 33. f5 b6 34.
b4 c5 35. b5 Kf7 36. h4 Ke7 37. fxe6 Kxe6 38. exf6 gxf6 39. a4 Ke7 40. Kf5 Kf7
41. h5 Kg7 42. Ke6 Kf8 43. Kxf6 Kg8 44. Kg6 Kf8 45. Kxh6 Ke7 46. g5 Kd6 47. g6
Ke5 48. g7 Kd4 49. g8=Q Kc3 50. Qa8 Kb4 51. Qxa7 Ka3 52. Kg5 Kb4 53. Kf4 Ka3 54.
a5 Kb4 55. axb6 Kxc4 56. Ke4 Kxb5 57. b7 c4 58. Kd5 c3 59. Qc5+ Ka6 60. Kc6 1-0

[Event "MCR mladeze v rapidu 2019"]
[Site "Trest"]
[Date "2019.09.07"]
[Round "4"]
[White "Horkova, Tereza"]
[Black "Buchtova, Viktorie"]
[Result "1-0"]
[BlackElo "1325"]
[WhiteElo "1289"]
[LiveChessVersion "1.4.8"]

1. e4 {[%clk 0:20:09]} d5 {[%clk 0:20:05]} 2. exd5 {[%clk 0:20:06]} Nf6
{[%clk 0:20:07]} 3. Nf3 {[%clk 0:20:09]} Nxd5 {[%clk 0:20:09]} 4. Bc4
{[%clk 0:19:58]} Nf6 {[%clk 0:20:00]} 5. Nc3 {[%clk 0:19:54]} Bg4
{[%clk 0:19:57]} 6. O-O {[%clk 0:19:54]} Nc6 {[%clk 0:19:59]} 7. d3
{[%clk 0:19:44]} Nd4 {[%clk 0:19:49]} 8. Re1 {[%clk 0:18:39]} Nxf3+
{[%clk 0:19:41]} 9. gxf3 {[%clk 0:18:41]} Bh3 {[%clk 0:19:45]} 10. Bf4
{[%clk 0:17:42]} e6 {[%clk 0:19:06]} 11. d4 {[%clk 0:17:13]} Nh5 {[%clk 0:16:32]}
12. Bg3 {[%clk 0:15:29]} c6 {[%clk 0:14:54]} 13. d5 {[%clk 0:14:56]} Nxg3
{[%clk 0:12:34]} 14. fxg3 {[%clk 0:14:47]} Qb6+ {[%clk 0:12:28]} 15. Kh1
{[%clk 0:14:04]} Qf2 {[%clk 0:12:10]} 16. Bf1 {[%clk 0:11:56]} Bf5
{[%clk 0:11:28]} 17. Qe2 {[%clk 0:11:08]} Qd4 {[%clk 0:10:59]} 18. dxe6
{[%clk 0:10:41]} Bxe6 {[%clk 0:10:52]} 19. Bh3 {[%clk 0:10:26]} Qd6
{[%clk 0:09:12]} 20. Rad1 {[%clk 0:09:26]} Qe7 21. Bxe6 {[%clk 0:07:55]} fxe6
{[%clk 0:08:39]} 22. Qc4 {[%clk 0:05:37]} Kf7 {[%clk 0:07:31]} 23. Qf4+
{[%clk 0:04:09]} Qf6 {[%clk 0:07:17]} 24. Rd7+ {[%clk 0:03:43]} Be7
{[%clk 0:07:01]} 25. Qxf6+ {[%clk 0:03:41]} Kxf6 {[%clk 0:06:42]} 26. Rxb7
{[%clk 0:03:36]} Rhb8 {[%clk 0:06:20]} 27. Ne4+ {[%clk 0:03:14]} Kf7
{[%clk 0:05:50]} 28. Rxb8 {[%clk 0:02:33]} Rxb8 {[%clk 0:05:47]} 29. b3
{[%clk 0:02:38]} Rb5 {[%clk 0:05:21]} 30. Rd1 {[%clk 0:02:20]} h6
{[%clk 0:04:35]} 31. Nd6+ {[%clk 0:02:09]} Bxd6 {[%clk 0:04:30]} 32. Rxd6
{[%clk 0:02:12]} Rc5 {[%clk 0:04:11]} 33. Rd7+ {[%clk 0:02:07]} Kf6
{[%clk 0:04:06]} 34. Rxa7 {[%clk 0:01:55]} Rxc2 {[%clk 0:03:46]} 35. Ra4
{[%clk 0:01:29]} Rc3 {[%clk 0:03:05]} 36. f4 Kf5 {[%clk 0:02:17]} 37. Kg2
{[%clk 0:01:00]} Kg4 {[%clk 0:02:05]} 38. h3+ {[%clk 0:00:59]} Kf5
{[%clk 0:02:04]} 39. g4+ {[%clk 0:01:02]} Kf6 {[%clk 0:02:00]} 40. Rc4
{[%clk 0:01:02]} Rd3 {[%clk 0:01:31]} 41. Rxc6 {[%clk 0:00:36]} Rd2+
{[%clk 0:01:31]} 42. Kf3 Rxa2 43. f5 {[%clk 0:00:38]} Ra3 {[%clk 0:01:08]} 44.
Rxe6+ {[%clk 0:00:40]} Kf7 {[%clk 0:01:05]} 45. Re3 {[%clk 0:00:41]} Kf6
{[%clk 0:01:05]} 46. Kf4 {[%clk 0:00:42]} Kf7 {[%clk 0:00:55]} 47. h4
{[%clk 0:00:44]} Kf6 {[%clk 0:00:49]} 48. g5+ {[%clk 0:00:41]} hxg5+
{[%clk 0:00:47]} 49. hxg5+ {[%clk 0:00:45]} Kf7 {[%clk 0:00:37]} 50. b4
{[%clk 0:00:48]} Ra4 {[%clk 0:00:37]} 51. Re4 Kf8 52. b5 {[%clk 0:00:46]} Ra5
{[%clk 0:00:17]} 53. Rb4 {[%clk 0:00:49]} Ra8 {[%clk 0:00:16]} 54. b6
{[%clk 0:00:47]} Rb8 {[%clk 0:00:20]} 55. f6 gxf6 {[%clk 0:00:10]} 56. gxf6
{[%clk 0:00:40]} Kf7 {[%clk 0:00:14]} 57. Kf5 {[%clk 0:00:44]} Rb7
{[%clk 0:00:17]} 58. Re4 {[%clk 0:00:13]} Rxb6 {[%clk 0:00:13]} 59. Re7+
{[%clk 0:00:17]} Kf8 {[%clk 0:00:17]} 60. Kg6 {[%clk 0:00:21]} Rb8
{[%clk 0:00:15]} 61. Rh7 {[%clk 0:00:18]} Ke8 {[%clk 0:00:07]} 62. Rh8+
{[%clk 0:00:20]} Kd7 63. Rxb8 {[%clk 0:00:23]} 1-0

[Event "MCR mladeze v rapidu 2019"]
[Site "Trest"]
[Date "2019.09.07"]
[Round "4"]
[White "Lackova, Lucie"]
[Black "Day, Sophia Olivia"]
[Result "0-1"]
[BlackElo "1159"]
[WhiteElo "1099"]
[LiveChessVersion "1.4.8"]

1. e4 {[%clk 0:20:09]} e5 {[%clk 0:20:07]} 2. Nf3 {[%clk 0:20:12]} Nc6
{[%clk 0:20:10]} 3. Nc3 {[%clk 0:20:15]} Nf6 {[%clk 0:20:12]} 4. Bb5
{[%clk 0:20:18]} Bc5 {[%clk 0:19:35]} 5. O-O {[%clk 0:20:17]} O-O
{[%clk 0:19:19]} 6. d3 {[%clk 0:20:20]} h6 {[%clk 0:19:13]} 7. Bd2
{[%clk 0:20:05]} a6 {[%clk 0:18:57]} 8. Bxc6 {[%clk 0:20:05]} dxc6
{[%clk 0:18:31]} 9. Nxe5 {[%clk 0:20:04]} Re8 {[%clk 0:18:18]} 10. Nf3
{[%clk 0:20:01]} Bg4 {[%clk 0:18:15]} 11. Bf4 {[%clk 0:19:57]} Qd7
{[%clk 0:17:35]} 12. e5 {[%clk 0:19:42]} Nd5 {[%clk 0:16:55]} 13. Nxd5
{[%clk 0:19:23]} cxd5 {[%clk 0:16:52]} 14. Re1 {[%clk 0:19:19]} Rad8
{[%clk 0:15:55]} 15. d4 {[%clk 0:19:15]} Bb6 {[%clk 0:15:33]} 16. Qd3
{[%clk 0:18:43]} Re6 {[%clk 0:13:10]} 17. c4 {[%clk 0:18:15]} dxc4
{[%clk 0:12:57]} 18. Qxc4 {[%clk 0:18:17]} Bxf3 {[%clk 0:12:46]} 19. gxf3
{[%clk 0:18:15]} Bxd4 {[%clk 0:11:54]} 20. Rf1 {[%clk 0:17:26]} Rg6+
{[%clk 0:11:42]} 21. Kh1 {[%clk 0:17:24]} Qh3 {[%clk 0:11:26]} 22. Bg3
{[%clk 0:17:10]} Bxe5 {[%clk 0:10:19]} 23. Rg1 {[%clk 0:16:52]} Bxg3
{[%clk 0:09:28]} 24. fxg3 {[%clk 0:16:48]} Rd2 {[%clk 0:09:06]} 25. Qxc7
{[%clk 0:16:07]} Qxh2# {[%clk 0:08:57]} 0-1

[Event "MCR mladeze v rapidu 2019"]
[Site "Trest"]
[Date "2019.09.07"]
[Round "4"]
[White "Janouskova, Eliska"]
[Black "Barteckova, Valerie"]
[Result "0-1"]
[BlackElo "1282"]
[WhiteElo "1160"]
[LiveChessVersion "1.4.8"]

1. e4 e5 2. d4 {[%clk 0:20:07]} exd4 {[%clk 0:20:11]} 3. c3 {[%clk 0:20:08]} dxc3
{[%clk 0:20:14]} 4. Bc4 {[%clk 0:20:08]} cxb2 {[%clk 0:19:49]} 5. Bxb2
{[%clk 0:20:09]} Bb4+ {[%clk 0:19:38]} 6. Nd2 {[%clk 0:20:00]} Bxd2+
{[%clk 0:19:01]} 7. Qxd2 {[%clk 0:19:56]} Nf6 {[%clk 0:18:59]} 8. e5
{[%clk 0:17:54]} Qe7 {[%clk 0:18:36]} 9. Nf3 {[%clk 0:17:14]} O-O
{[%clk 0:17:55]} 10. O-O {[%clk 0:16:56]} Ne4 {[%clk 0:15:47]} 11. Qd4
{[%clk 0:15:46]} Ng5 {[%clk 0:15:06]} 12. e6 {[%clk 0:14:39]} Nxe6
{[%clk 0:13:51]} 13. Bxe6 {[%clk 0:14:27]} fxe6 {[%clk 0:13:49]} 14. Nh4
{[%clk 0:13:17]} d6 {[%clk 0:12:51]} 15. Rfe1 {[%clk 0:11:17]} Nc6
{[%clk 0:12:24]} 16. Qe4 {[%clk 0:09:55]} d5 {[%clk 0:11:44]} 17. Qd3
{[%clk 0:08:56]} Qf7 {[%clk 0:11:45]} 18. f3 {[%clk 0:07:27]} Qe7
{[%clk 0:10:24]} 19. Qc3 {[%clk 0:07:11]} b6 {[%clk 0:10:03]} 20. Re3
{[%clk 0:05:43]} Bd7 {[%clk 0:09:34]} 21. g3 {[%clk 0:05:15]} d4 {[%clk 0:09:33]}
22. Qd3 {[%clk 0:04:45]} dxe3 {[%clk 0:09:30]} 23. Qxe3 {[%clk 0:04:47]} Qc5
{[%clk 0:09:28]} 24. Qxc5 {[%clk 0:04:38]} bxc5 {[%clk 0:09:31]} 25. Rd1
{[%clk 0:04:25]} Rfd8 {[%clk 0:09:27]} 26. f4 {[%clk 0:03:56]} Be8
{[%clk 0:09:16]} 27. Re1 {[%clk 0:03:57]} Bf7 {[%clk 0:09:09]} 28. a3
{[%clk 0:03:44]} Nd4 {[%clk 0:09:09]} 29. Re5 {[%clk 0:03:24]} Rd5
{[%clk 0:08:42]} 30. Re4 {[%clk 0:03:21]} Rad8 {[%clk 0:08:14]} 31. Kg2
{[%clk 0:02:59]} Nc6 {[%clk 0:08:03]} 32. Kh3 {[%clk 0:02:52]} Ne7
{[%clk 0:07:15]} 33. g4 {[%clk 0:02:32]} Rd3+ {[%clk 0:07:03]} 34. Kg2
{[%clk 0:02:33]} Rd2+ {[%clk 0:07:06]} 35. Kg1 {[%clk 0:02:30]} Rxb2
{[%clk 0:06:56]} 36. a4 {[%clk 0:02:28]} Rd1+ {[%clk 0:06:58]} 37. Re1
{[%clk 0:02:27]} Rxe1# {[%clk 0:06:57]} 0-1

[Event "MCR mladeze v rapidu 2019"]
[Site "Trest"]
[Date "2019.09.07"]
[Round "5"]
[White "Rokos, Filip"]
[Black "Frank, Adam"]
[Result "0-1"]
[BlackElo "2371"]
[WhiteElo "1735"]
[LiveChessVersion "1.4.8"]

1. e4 d6 {[%clk 0:20:06]} 2. d4 {[%clk 0:20:08]} Nf6 {[%clk 0:20:10]} 3. Nc3
{[%clk 0:20:12]} g6 {[%clk 0:20:14]} 4. Be3 {[%clk 0:20:07]} a6 {[%clk 0:20:14]}
5. f3 {[%clk 0:19:58]} b5 {[%clk 0:20:18]} 6. Qd2 {[%clk 0:19:42]} Bb7
{[%clk 0:20:18]} 7. g4 {[%clk 0:18:33]} Nbd7 {[%clk 0:18:08]} 8. O-O-O
{[%clk 0:18:15]} Nb6 {[%clk 0:18:05]} 9. Bd3 {[%clk 0:16:42]} h5 {[%clk 0:17:27]}
10. g5 {[%clk 0:16:13]} Nfd7 {[%clk 0:17:31]} 11. f4 c5 {[%clk 0:16:06]} 12. dxc5
{[%clk 0:10:03]} dxc5 {[%clk 0:16:10]} 13. Nf3 {[%clk 0:09:16]} c4
{[%clk 0:15:28]} 14. Be2 {[%clk 0:08:58]} Bg7 {[%clk 0:15:22]} 15. Bd4
{[%clk 0:08:32]} O-O {[%clk 0:14:59]} 16. Bxg7 {[%clk 0:08:10]} Kxg7
{[%clk 0:15:02]} 17. f5 {[%clk 0:07:45]} Qc7 {[%clk 0:12:32]} 18. Qd4+
{[%clk 0:05:38]} Kh7 {[%clk 0:12:28]} 19. fxg6+ {[%clk 0:05:20]} fxg6
{[%clk 0:12:29]} 20. Nd5 {[%clk 0:05:05]} Nxd5 {[%clk 0:12:03]} 21. exd5
{[%clk 0:05:09]} Qf4+ {[%clk 0:11:55]} 22. Kb1 {[%clk 0:04:32]} Qxd4
{[%clk 0:11:34]} 23. Rxd4 {[%clk 0:04:27]} Nb6 {[%clk 0:11:13]} 24. Rhd1
{[%clk 0:02:54]} Rad8 {[%clk 0:10:46]} 25. Ne5 {[%clk 0:01:27]} Rf5
{[%clk 0:09:54]} 26. Nc6 {[%clk 0:01:21]} Rdxd5 {[%clk 0:09:57]} 27. Rxd5
{[%clk 0:00:15]} Nxd5 {[%clk 0:09:49]} 28. Nd4 {[%clk 0:00:09]} Rxg5
{[%clk 0:09:26]} 29. Ne6 {[%clk 0:00:10]} Re5 {[%clk 0:09:23]} 30. Nd8
{[%clk 0:00:07]} Rxe2 {[%clk 0:09:17]} 31. Nxb7 {[%clk 0:00:11]} Ne3
{[%clk 0:09:21]} 32. Rg1 {[%clk 0:00:13]} Rxh2 {[%clk 0:09:22]} 0-1

[Event "MCR mladeze v rapidu 2019"]
[Site "Trest"]
[Date "2019.09.07"]
[Round "5"]
[White "Mach, Petr"]
[Black "Hak, David"]
[Result "1-0"]
[BlackElo "1926"]
[WhiteElo "1911"]
[LiveChessVersion "1.4.8"]

1. Nf3 Nf6 2. c4 g6 3. Nc3 Bg7 4. g3 c5 5. Bg2 Nc6 6. d4 cxd4 7. Nxd4 O-O 8. O-O
Qb6 9. Ndb5 d6 10. Be3 Qa5 11. a3 a6 12. Nd4 Ng4 13. Nxc6 bxc6 14. Bd2 Qc7 15.
Qc2 Rb8 16. b4 Ne5 17. c5 dxc5 18. bxc5 Nc4 19. Bf4 e5 20. Bc1 Be6 21. Ne4 Bd5
22. Nd2 Bxg2 23. Kxg2 Nxd2 24. Bxd2 e4 25. Bc3 Bxc3 26. Qxc3 Qe7 27. Rab1 Rb5 28.
Rxb5 axb5 29. Rd1 Rd8 30. Rxd8+ Qxd8 31. Qe5 Qa8 32. Qxe4 Qxa3 33. Qxc6 b4 34.
Qe8+ Kg7 35. Qe5+ Kg8 36. c6 Qa8 37. Qc7 b3 38. Qb7 Qe8 39. c7 Qxe2 1-0

[Event "MCR mladeze v rapidu 2019"]
[Site "Trest"]
[Date "2019.09.07"]
[Round "5"]
[White "Jun, Rudolf"]
[Black "Flajsman, Petr"]
[Result "1-0"]
[BlackElo "1920"]
[WhiteElo "2209"]
[LiveChessVersion "1.4.8"]

1. e4 {[%clk 0:20:08]} e5 {[%clk 0:19:54]} 2. Nf3 {[%clk 0:20:08]} Nc6
{[%clk 0:19:57]} 3. Bb5 {[%clk 0:20:12]} a6 {[%clk 0:19:35]} 4. Bxc6
{[%clk 0:20:15]} dxc6 {[%clk 0:19:38]} 5. Nc3 {[%clk 0:20:19]} Bg4
{[%clk 0:19:29]} 6. h3 {[%clk 0:20:14]} Bxf3 {[%clk 0:19:32]} 7. Qxf3
{[%clk 0:20:16]} Nf6 {[%clk 0:18:08]} 8. d3 {[%clk 0:20:18]} Be7 {[%clk 0:18:03]}
9. Be3 {[%clk 0:20:15]} h6 {[%clk 0:17:55]} 10. Qg3 {[%clk 0:20:07]} Qd6
{[%clk 0:17:46]} 11. O-O-O {[%clk 0:17:39]} Rg8 {[%clk 0:16:19]} 12. Kb1
{[%clk 0:17:11]} c5 {[%clk 0:15:41]} 13. Rhe1 {[%clk 0:16:15]} O-O-O
{[%clk 0:15:38]} 14. f4 {[%clk 0:16:17]} exf4 {[%clk 0:13:43]} 15. Bxf4
{[%clk 0:16:21]} Qc6 {[%clk 0:13:47]} 16. Qe3 {[%clk 0:13:54]} Rge8
{[%clk 0:13:06]} 17. g4 {[%clk 0:13:56]} Kb8 {[%clk 0:12:38]} 18. Qg3
{[%clk 0:13:47]} g5 {[%clk 0:12:01]} 19. Be5 {[%clk 0:12:12]} Nd7
{[%clk 0:10:49]} 20. Nd5 {[%clk 0:12:04]} Bd6 {[%clk 0:09:53]} 21. Bxd6
{[%clk 0:12:07]} cxd6 {[%clk 0:09:19]} 22. Rf1 {[%clk 0:11:59]} Ne5
{[%clk 0:09:17]} 23. Rf6 {[%clk 0:11:27]} Re6 {[%clk 0:09:11]} 24. Qf2
{[%clk 0:10:47]} Rde8 {[%clk 0:08:38]} 25. Rf5 {[%clk 0:10:22]} Qd7
{[%clk 0:06:45]} 26. Nf6 {[%clk 0:10:23]} Qd8 {[%clk 0:06:27]} 27. Nxe8
{[%clk 0:10:25]} Qxe8 {[%clk 0:06:28]} 28. Rf1 {[%clk 0:10:14]} Kc8
{[%clk 0:05:52]} 29. Rf6 {[%clk 0:09:50]} Kd7 {[%clk 0:05:21]} 30. Qf5
{[%clk 0:09:38]} Qe7 {[%clk 0:04:04]} 31. Rxh6 {[%clk 0:09:08]} Kc7
{[%clk 0:03:29]} 32. Rh7 {[%clk 0:08:44]} Kb6 {[%clk 0:03:14]} 33. Rg7
{[%clk 0:08:10]} Rh6 {[%clk 0:01:50]} 34. Qxg5 {[%clk 0:07:49]} Qxg5
{[%clk 0:01:35]} 35. Rxg5 {[%clk 0:07:53]} Rxh3 {[%clk 0:01:36]} 36. b3
{[%clk 0:07:56]} Rh4 {[%clk 0:01:09]} 37. Rg7 {[%clk 0:07:43]} 1-0

[Event "MCR mladeze v rapidu 2019"]
[Site "Trest"]
[Date "2019.09.07"]
[Round "5"]
[White "Soucek, Petr"]
[Black "Vojta, Jakub"]
[Result "0-1"]
[BlackElo "2086"]
[WhiteElo "1900"]
[LiveChessVersion "1.4.8"]

1. d4 {[%clk 0:20:07]} Nf6 {[%clk 0:20:09]} 2. Nf3 {[%clk 0:20:09]} g6
{[%clk 0:20:06]} 3. Bg5 {[%clk 0:20:12]} Bg7 {[%clk 0:20:06]} 4. Nbd2
{[%clk 0:20:16]} d5 {[%clk 0:20:05]} 5. e3 {[%clk 0:20:10]} O-O {[%clk 0:20:07]}
6. Be2 {[%clk 0:20:00]} h6 {[%clk 0:20:05]} 7. Bh4 {[%clk 0:20:03]} Bf5
{[%clk 0:19:57]} 8. c3 {[%clk 0:20:02]} Kh7 {[%clk 0:19:49]} 9. Qb3
{[%clk 0:19:22]} Nbd7 {[%clk 0:19:07]} 10. Bg3 {[%clk 0:17:28]} b6
{[%clk 0:18:59]} 11. h3 {[%clk 0:17:16]} c5 {[%clk 0:18:48]} 12. a4
{[%clk 0:17:16]} c4 {[%clk 0:18:12]} 13. Qd1 {[%clk 0:17:01]} Ne4
{[%clk 0:18:01]} 14. Nxe4 {[%clk 0:16:13]} Bxe4 {[%clk 0:18:03]} 15. O-O
{[%clk 0:16:08]} a6 {[%clk 0:17:43]} 16. Nd2 {[%clk 0:16:08]} Bf5
{[%clk 0:17:28]} 17. f3 {[%clk 0:15:05]} Nf6 {[%clk 0:17:25]} 18. Be5
{[%clk 0:15:04]} b5 {[%clk 0:15:59]} 19. Bxf6 {[%clk 0:14:18]} exf6
{[%clk 0:15:58]} 20. e4 {[%clk 0:14:16]} Be6 {[%clk 0:15:59]} 21. b4
{[%clk 0:09:56]} a5 {[%clk 0:13:40]} 22. Rb1 {[%clk 0:06:47]} Qd7
{[%clk 0:10:16]} 23. axb5 {[%clk 0:05:01]} Qxb5 {[%clk 0:09:01]} 24. bxa5
{[%clk 0:04:31]} Qxa5 {[%clk 0:09:05]} 25. Qc2 {[%clk 0:04:34]} Rfc8
{[%clk 0:08:25]} 26. Rb2 {[%clk 0:03:49]} f5 {[%clk 0:08:02]} 27. exd5
{[%clk 0:03:34]} Bxd5 {[%clk 0:08:03]} 28. Rfb1 {[%clk 0:03:31]} Qa7
{[%clk 0:07:18]} 29. Rb4 {[%clk 0:03:08]} Bf8 {[%clk 0:06:44]} 30. Rb5
{[%clk 0:02:49]} Qd7 {[%clk 0:06:30]} 31. Nf1 {[%clk 0:02:30]} Re8
{[%clk 0:06:06]} 32. Kf2 {[%clk 0:02:22]} Qe6 {[%clk 0:05:09]} 33. R1b2
{[%clk 0:02:14]} f4 {[%clk 0:05:04]} 34. Qd2 {[%clk 0:02:13]} g5 {[%clk 0:04:42]}
35. Rb6 {[%clk 0:02:15]} Qf5 {[%clk 0:04:39]} 36. Nh2 {[%clk 0:01:51]} Bg7
{[%clk 0:03:59]} 37. R6b5 {[%clk 0:01:41]} Qe6 {[%clk 0:03:28]} 38. Rc5
{[%clk 0:01:25]} Ra1 {[%clk 0:02:49]} 39. Nf1 {[%clk 0:01:10]} Bf8
{[%clk 0:02:24]} 40. Rcb5 {[%clk 0:01:02]} Bd6 {[%clk 0:01:48]} 41. Rb6
{[%clk 0:00:58]} h5 {[%clk 0:01:37]} 42. Qc2+ {[%clk 0:00:46]} Kg7
{[%clk 0:01:33]} 43. Qd2 {[%clk 0:00:44]} Qe7 {[%clk 0:01:24]} 44. R6b5
{[%clk 0:00:43]} Qe6 {[%clk 0:01:27]} 45. Rb6 {[%clk 0:00:46]} Ra7
{[%clk 0:01:20]} 46. R2b5 {[%clk 0:00:44]} Rae7 {[%clk 0:01:10]} 47. Rb2
{[%clk 0:00:48]} Rd7 {[%clk 0:00:57]} 48. Ra2 {[%clk 0:00:49]} Rde7
{[%clk 0:00:50]} 49. Qc2 {[%clk 0:00:43]} Qd7 {[%clk 0:00:41]} 50. Qd2
{[%clk 0:00:38]} Rxe2+ {[%clk 0:00:40]} 51. Qxe2 {[%clk 0:00:42]} Rxe2+
{[%clk 0:00:43]} 52. Rxe2 {[%clk 0:00:46]} Bc7 {[%clk 0:00:38]} 53. Rb4
{[%clk 0:00:45]} Ba5 {[%clk 0:00:37]} 54. Rb1 {[%clk 0:00:37]} Bxc3
{[%clk 0:00:41]} 55. Rd1 {[%clk 0:00:36]} Qa7 {[%clk 0:00:42]} 56. Kg1
{[%clk 0:00:32]} Bxd4+ {[%clk 0:00:40]} 57. Kh2 {[%clk 0:00:36]} Be6
{[%clk 0:00:43]} 58. Re4 {[%clk 0:00:34]} Bg1+ {[%clk 0:00:37]} 59. Kh1
{[%clk 0:00:37]} Be3 {[%clk 0:00:41]} 60. Nxe3 {[%clk 0:00:34]} fxe3
{[%clk 0:00:45]} 61. Re1 {[%clk 0:00:38]} Bf5 {[%clk 0:00:40]} 62. R4xe3
{[%clk 0:00:40]} Bd3 {[%clk 0:00:41]} 63. Re5 {[%clk 0:00:43]} Kg6
{[%clk 0:00:42]} 64. Rc1 {[%clk 0:00:36]} Qf2 {[%clk 0:00:44]} 65. Ree1
{[%clk 0:00:33]} f6 {[%clk 0:00:38]} 66. Rg1 {[%clk 0:00:33]} Qg3
{[%clk 0:00:40]} 67. Rgd1 {[%clk 0:00:29]} Bf5 {[%clk 0:00:27]} 68. Rd2
{[%clk 0:00:17]} c3 {[%clk 0:00:23]} 69. Rdd1 {[%clk 0:00:14]} c2
{[%clk 0:00:23]} 70. Re1 {[%clk 0:00:18]} Bxh3 {[%clk 0:00:11]} 71. gxh3
{[%clk 0:00:20]} Qxh3+ {[%clk 0:00:15]} 72. Kg1 {[%clk 0:00:24]} Qg3+
{[%clk 0:00:20]} 73. Kh1 {[%clk 0:00:26]} Qxf3+ {[%clk 0:00:24]} 74. Kg1
{[%clk 0:00:30]} Qd3 {[%clk 0:00:28]} 75. Kf2 {[%clk 0:00:31]} Qd2+
{[%clk 0:00:29]} 76. Kf1 {[%clk 0:00:34]} h4 {[%clk 0:00:30]} 77. Ra1
{[%clk 0:00:29]} h3 {[%clk 0:00:31]} 78. Kg1 {[%clk 0:00:32]} g4 {[%clk 0:00:32]}
79. Rf1 {[%clk 0:00:31]} Qg2# {[%clk 0:00:34]} 0-1